000 01065nas a2200301 i 4500
001 1504
003 ES-MaACL
005 20250724062544.0
007 t|
008 950801d18581860sp w| ne | ||pa d
022 _a1886-886X
080 _a(460)
080 _a008
245 0 3 _aEl mundo pintoresco
_b: periódico semanal : literatura, ciencias, artes, biografías, música, teatros, modas y toros.
246 3 3 _aEl mundo pintoresco, ilustración española
260 _aMadrid :
_bJuan José Martínez,
_c1858-1860.
300 _av. :
_bil., grab. ;
_c38 cm.
310 _aSemanal
362 0 _aN. 1 (11 abril 1858)-año 3, n. 53 (30 dic. 1860)
530 _aDisponible en formato digital.
650 1 4 _aRevistas de información general.
_916896
650 7 _aCultura
_2embne
_9170963
785 0 4 _aMundo militar, ISSN 1886-8053
852 _aES-MaACL
_jR-2937-38 Olim: Hem:771
856 _uhttp://hemerotecadigital.bne.es/details.vm?o=&w=1886-886X&f=issn&l=500
_zHemeroteca Digital
_z(1858-1860)
866 0 _o1859-60
999 _c1504
_d1504